[Event "Olomouc Chess Summer 2016- A Valoz Cup"]
[Site "Olomouc"]
[Date "2016.08.20"]
[Round "9.3"]
[White "Plischki, Sebastian"]
[Black "Gavrilov, Alexei"]
[Result "1/2-1/2"]
[WhiteElo "2384"]
[BlackElo "2456"]
[PlyCount "36"]
[EventDate "2016.08.13"]

1. d4 Nf6 2. c4 e6 3. Nc3 Bb4 4. e3 O-O 5. Nge2 d5 6. a3 Bd6 7. Ng3 c5 8. dxc5
Bxc5 9. b4 Be7 10. cxd5 exd5 11. Bd3 Nc6 12. Nce2 a5 13. b5 Ne5 14. Bb2 Nc4 15.
Bc3 Be6 16. O-O Re8 17. Nf4 Rc8 18. Ngh5 g6 1/2-1/2

[Event "Olomouc Chess Summer 2016- A Valoz Cup"]
[Site "Olomouc"]
[Date "2016.08.20"]
[Round "9.4"]
[White "Rasik, Vitezslav"]
[Black "Camarena Gimenez, Rufino"]
[Result "1-0"]
[WhiteElo "2452"]
[BlackElo "2403"]
[PlyCount "56"]
[EventDate "2016.08.13"]

1. e4 e6 2. d3 c5 3. Nf3 Nc6 4. g3 g6 5. Bg2 Bg7 6. O-O Nge7 7. c3 d5 8. Nbd2
b6 9. Re1 a5 10. a4 Ba6 11. exd5 exd5 12. Nb3 O-O 13. d4 c4 14. Nbd2 h6 15. Nf1
Bc8 16. Ne5 Be6 17. Ne3 Rc8 18. Nxc6 Rxc6 19. Ng4 Kh7 20. Ne5 Rc8 21. h4 Re8
22. h5 g5 23. Qf3 Kg8 24. Bd2 Nc6 25. Ng4 Nb8 26. Ne3 Qd7 27. Nxd5 g4 28. Nf6+
Kh8 1-0

[Event "Olomouc Chess Summer 2016- A Valoz Cup"]
[Site "Olomouc"]
[Date "2016.08.20"]
[Round "9.5"]
[White "Svoboda, Svatopluk"]
[Black "Yagupov, Igor"]
[Result "1/2-1/2"]
[WhiteElo "2453"]
[BlackElo "2405"]
[PlyCount "23"]
[EventDate "2016.08.13"]

1. c4 c6 2. Nf3 d5 3. cxd5 cxd5 4. d4 Nc6 5. Nc3 Nf6 6. Bf4 a6 7. e3 Bg4 8. Qb3
Bxf3 9. gxf3 Na5 10. Qa4+ Nc6 11. Qb3 Na5 12. Qa4+ 1/2-1/2

[Event "Olomouc Chess Summer 2016-B1 Prima Pack "]
[Site "Olomouc"]
[Date "2016.08.20"]
[Round "9.1"]
[White "Mirzoeva, Elmira"]
[Black "Pogan, Nikolas"]
[Result "1-0"]
[WhiteElo "2278"]
[BlackElo "2232"]
[PlyCount "64"]
[EventDate "2016.08.13"]

1. d4 Nf6 2. c4 e6 3. Nf3 Bb4+ 4. Nbd2 b6 5. a3 Bxd2+ 6. Qxd2 Bb7 7. e3 O-O 8.
Be2 d6 9. O-O Nbd7 10. b4 Ne4 11. Qc2 f5 12. d5 e5 13. Ne1 Ng5 14. f4 Ne4 15.
Bf3 c6 16. dxc6 Bxc6 17. Nd3 Qe7 18. Qb3 Kh8 19. g3 Rac8 20. a4 a5 21. Bg2 Qe6
22. Re1 Ba8 23. bxa5 bxa5 24. Ba3 Rb8 25. Qc2 Rfc8 26. Rac1 Ndc5 27. Nxc5 dxc5
28. Bb2 exf4 29. exf4 Bc6 30. Be5 Rb4 31. Bxe4 Bxe4 32. Qc3 Qh6 1-0

[Event "Olomouc Chess Summer 2016-B1 Prima Pack "]
[Site "Olomouc"]
[Date "2016.08.20"]
[Round "9.2"]
[White "Wiley, Tom E"]
[Black "Cerveny, Martin"]
[Result "0-1"]
[WhiteElo "2239"]
[BlackElo "2380"]
[PlyCount "108"]
[EventDate "2016.08.13"]

1. e4 c5 2. Nf3 d6 3. Bb5+ Bd7 4. Bxd7+ Qxd7 5. O-O Nf6 6. Qe2 Nc6 7. Rd1 e6 8.
d4 cxd4 9. Nxd4 Be7 10. c4 O-O 11. Nc3 Rfc8 12. b3 a6 13. Bb2 Qc7 14. Nxc6 Qxc6
15. a4 Qb6 16. Rd3 Nd7 17. Rg3 Bf6 18. Qc2 Qa5 19. Ne2 Bxb2 20. Qxb2 Qe5 21.
Qxe5 dxe5 22. a5 Nc5 23. Re3 Rd8 24. f3 Rd2 25. b4 Nd3 26. Rb1 Rc8 27. c5 h5
28. g3 g5 29. Nc3 Nb2 30. Re2 Nc4 31. Kf2 Rd3 32. Rc1 g4 33. fxg4 hxg4 34. Nb1
Rf3+ 35. Kg1 Rd8 36. Rxc4 Rd1+ 37. Kg2 Rxb1 38. c6 bxc6 39. Rxc6 Rxb4 40. Rxa6
Rb1 41. h3 Rbb3 42. hxg4 Rxg3+ 43. Kf2 Rxg4 44. Ra8+ Kg7 45. a6 Ra3 46. a7 Rh4
47. Re3 Ra2+ 48. Kg1 Kf6 49. Rf3+ Rf4 50. Re3 Ke7 51. Re1 Rf3 52. Rf1 Rg3+ 53.
Kh1 Rga3 54. Rh8 Ra1 0-1

[Event "Olomouc Chess Summer 2016-B1 Prima Pack "]
[Site "Olomouc"]
[Date "2016.08.20"]
[Round "9.3"]
[White "Bures, Jaroslav"]
[Black "Gusain, Himal"]
[Result "0-1"]
[WhiteElo "2376"]
[BlackElo "2453"]
[PlyCount "62"]
[EventDate "2016.08.13"]

1. d4 d5 2. c3 Nc6 3. Bf4 f6 4. Nf3 Bg4 5. Nbd2 Qd7 6. h3 Bh5 7. a4 e6 8. a5 a6
9. g4 Bf7 10. e4 g5 11. Bg3 h5 12. Rg1 Nh6 13. e5 hxg4 14. hxg4 Bg7 15. Nb3 Qe7
16. Nc5 Nxe5 17. Bxe5 fxe5 18. Nxb7 O-O 19. Qd2 Bg6 20. Nxe5 Bxe5 21. dxe5 Ra7
22. b4 Rxb7 23. Bxa6 Ra7 24. Bd3 Bxd3 25. Qxd3 Qg7 26. O-O-O c5 27. Rh1 cxb4
28. cxb4 Rc7+ 29. Kb1 Rb8 30. Qa6 Rxb4+ 31. Ka2 Qd7 0-1

[Event "Olomouc Chess Summer 2016-B1 Prima Pack "]
[Site "Olomouc"]
[Date "2016.08.20"]
[Round "9.4"]
[White "Kulkarni, Bhakti"]
[Black "Olsarova, Karolina"]
[Result "1-0"]
[WhiteElo "2363"]
[BlackElo "2258"]
[PlyCount "105"]
[EventDate "2016.08.13"]

1. d4 Nf6 2. c4 e6 3. Nc3 Bb4 4. e3 O-O 5. Bd3 d5 6. Nge2 dxc4 7. Bxc4 e5 8.
O-O Nc6 9. a3 Bd6 10. Nb5 Be7 11. d5 Na5 12. Ba2 c6 13. Nbc3 cxd5 14. Nxd5 Nxd5
15. Bxd5 Bg4 16. f3 Bf5 17. b4 Nc6 18. e4 Qb6+ 19. Kh1 Bg6 20. Qd3 Rad8 21. Qb3
Kh8 22. Be3 Nd4 23. Qb2 Bf6 24. Rfd1 Rd7 25. f4 Bh5 26. fxe5 Bxe5 27. Bxd4 Bxd4
28. Nxd4 Bxd1 29. Rxd1 Qf6 30. Rc1 Re8 31. h3 h6 32. Qc3 Qe5 33. Qc5 Qf4 34.
Qc3 Qe5 35. Rf1 Rc7 36. Qd2 Rd8 37. Qf4 Qxf4 38. Rxf4 Rc1+ 39. Kh2 Rd1 40. Nb3
f6 41. Bxb7 R1d3 42. Bd5 R8xd5 43. exd5 Rxb3 44. Rd4 Rc3 45. d6 Rc8 46. d7 Rd8
47. b5 Kg8 48. a4 Kf7 49. a5 Ke7 50. b6 axb6 51. a6 b5 52. a7 Ke6 53. Re4+ 1-0

[Event "Olomouc Chess Summer 2016-B1 Prima Pack "]
[Site "Olomouc"]
[Date "2016.08.20"]
[Round "9.5"]
[White "Strebkovs, Andrejs"]
[Black "Hoefelsauer, Thomas"]
[Result "0-1"]
[WhiteElo "2285"]
[BlackElo "2342"]
[PlyCount "154"]
[EventDate "2016.08.13"]

1. e4 c6 2. d3 d5 3. Nd2 e5 4. Ngf3 Bd6 5. g3 Nf6 6. Bg2 O-O 7. O-O Na6 8. Re1
Re8 9. b3 Nc5 10. Bb2 d4 11. Nc4 Bc7 12. a3 b5 13. Ncd2 Be6 14. h3 Nfd7 15. Nh2
f6 16. h4 Bf7 17. Rf1 Ne6 18. Bf3 c5 19. a4 a6 20. Bh5 g6 21. Bf3 Nb6 22. axb5
axb5 23. Qe2 Qe7 24. Rxa8 Rxa8 25. Ra1 Rxa1+ 26. Bxa1 Bd8 27. Qd1 Qa7 28. Nhf1
Nc7 29. Be2 b4 30. Nc4 Nb5 31. Nxb6 Bxb6 32. Nd2 Qa2 33. Qc1 Nc3 34. Bf1 Bd8
35. Nc4 Be7 36. Bb2 Bf8 37. Qa1 Qxa1 38. Bxa1 Bxc4 39. bxc4 Bh6 40. Bh3 Bd2 41.
Kf1 Nb1 42. Bd7 b3 43. Ba4 bxc2 44. Bxc2 Na3 45. Ba4 Bc3 46. Bxc3 dxc3 47. Ke2
Kg7 48. f4 exf4 49. gxf4 Kf7 50. d4 c2 51. Kd2 Nxc4+ 52. Kxc2 Ne3+ 53. Kd3 cxd4
54. Bb3+ Kg7 55. Kxd4 Ng2 56. f5 Nxh4 57. fxg6 Nxg6 58. Ke3 Kh6 59. Bg8 Ne7 60.
Be6 Kg5 61. Bd7 Ng6 62. Bf5 h6 63. Kd4 Nh4 64. Bc8 Kf4 65. Kd5 Nf3 66. Ke6 Kg5
67. Kd5 h5 68. Bh3 h4 69. Bg2 Ne5 70. Ke6 Ng4 71. Bf1 Kf4 72. Bg2 Kg3 73. Bh1
h3 74. Kf5 h2 75. e5 fxe5 76. Bb7 Ne3+ 77. Kxe5 Ng2 0-1

[Event "Olomouc Chess Summer 2016-B2 Proclient C"]
[Site "Olomouc"]
[Date "2016.08.20"]
[Round "9.1"]
[White "Lkhamsuren, Uuganbayar"]
[Black "Chkhaidze, Nikoloz"]
[Result "0-1"]
[WhiteElo "2123"]
[BlackElo "2261"]
[PlyCount "44"]
[EventDate "2016.08.13"]

1. e4 c6 2. d4 d5 3. exd5 cxd5 4. c4 Nf6 5. Nc3 Nc6 6. Bf4 g6 7. Nb5 e5 8. dxe5
Bb4+ 9. Bd2 Bxd2+ 10. Qxd2 Nxe5 11. O-O-O O-O 12. f4 Neg4 13. Nf3 Qb6 14. Re1
dxc4 15. Bxc4 Bf5 16. Nc3 Rac8 17. Qe2 Nf2 18. Rhf1 Rxc4 19. Qxc4 Nd3+ 20. Kd2
Qxb2+ 21. Kd1 Rd8 22. Nd4 Bg4+ 0-1

[Event "Olomouc Chess Summer 2016-B2 Proclient C"]
[Site "Olomouc"]
[Date "2016.08.20"]
[Round "9.2"]
[White "Tymrakiewicz, Rafal"]
[Black "Nitish, Belurkar"]
[Result "0-1"]
[WhiteElo "2274"]
[BlackElo "2269"]
[PlyCount "82"]
[EventDate "2016.08.13"]

1. Nf3 d6 2. d4 Bg4 3. e4 Nf6 4. Bd3 e6 5. c3 Be7 6. Be3 d5 7. e5 Nfd7 8. b4
Bh5 9. Nbd2 c6 10. O-O Bg6 11. Be2 O-O 12. Nb3 Re8 13. Ne1 b6 14. f4 c5 15. b5
c4 16. Nd2 Ba3 17. Nxc4 dxc4 18. Bf3 Na6 19. bxa6 Bb2 20. Rc1 Bxc1 21. Bxc1 Rb8
22. Nc2 b5 23. Nb4 Nb6 24. Nc6 Qd7 25. Nxb8 Rxb8 26. a3 Nd5 27. Qe1 Bd3 28. Rf2
Rb6 29. g4 Rxa6 30. f5 exf5 31. gxf5 Ne7 32. f6 gxf6 33. Rg2+ Ng6 34. Bh6 Qh3
35. exf6 Qxh6 36. Qe8+ Qf8 37. Qxb5 Rxf6 38. Rg3 Qxa3 39. Qg5 Qa1+ 40. Kf2 Qf1+
41. Ke3 Rxf3+ 0-1

[Event "Olomouc Chess Summer 2016-Open Olomouc"]
[Site "Olomouc"]
[Date "2016.08.20"]
[Round "9.1"]
[White "Krejci, Jan"]
[Black "Nishant, Malhotra"]
[Result "1/2-1/2"]
[WhiteElo "2496"]
[BlackElo "2060"]
[PlyCount "44"]
[EventDate "2016.08.13"]

1. c4 c6 2. Nf3 d5 3. e3 Nf6 4. Nc3 e6 5. d4 a6 6. Qc2 c5 7. cxd5 exd5 8. dxc5
Bxc5 9. a3 O-O 10. Be2 Nc6 11. O-O Qe7 12. Rd1 Be6 13. b4 Ba7 14. Bb2 Rac8 15.
Rac1 Rfd8 16. Qb1 d4 17. exd4 Nxd4 18. Nxd4 Rxd4 19. Rxd4 Bxd4 20. Na4 Rxc1+
21. Qxc1 Bxb2 22. Nxb2 g6 1/2-1/2

[Event "Olomouc Chess Summer 2016-Open Olomouc"]
[Site "Olomouc"]
[Date "2016.08.20"]
[Round "9.2"]
[White "Kulkarni, Vinayak"]
[Black "Thakur, Akash"]
[Result "1/2-1/2"]
[WhiteElo "2168"]
[BlackElo "2316"]
[PlyCount "86"]
[EventDate "2016.08.13"]

1. d4 Nf6 2. c4 d6 3. Nc3 Nbd7 4. e4 e5 5. Nf3 Be7 6. Be2 O-O 7. O-O Re8 8. Rb1
Bf8 9. Qc2 c6 10. d5 cxd5 11. Nxd5 Nxd5 12. cxd5 a6 13. Be3 b5 14. Rbc1 Nc5 15.
b4 Na4 16. Qc7 Bd7 17. Qxd8 Rexd8 18. Rc7 Be7 19. Rfc1 Kf8 20. Nd2 Ke8 21. Nb3
Rdc8 22. Kf1 Bd8 23. Rxc8 Rxc8 24. Rxc8 Bxc8 25. Bd3 g6 26. f3 f5 27. Ke1 f4
28. Bf2 g5 29. h3 h5 30. Kd2 Kf7 31. Nc1 Kg6 32. Be2 g4 33. hxg4 hxg4 34. Nd3
Kg5 35. g3 Bb6 36. gxf4+ exf4 37. fxg4 Bxg4 38. e5 f3 39. Bd1 dxe5 40. Bxa4
Bxf2 41. Nxf2 bxa4 42. Nxg4 Kxg4 43. d6 Kg3 1/2-1/2

[Event "Olomouc Chess Summer 2016-Open Olomouc"]
[Site "Olomouc"]
[Date "2016.08.20"]
[Round "9.3"]
[White "Ockay, Tomas"]
[Black "Chudinovskikh, Alexander M"]
[Result "1/2-1/2"]
[WhiteElo "2135"]
[BlackElo "2258"]
[PlyCount "53"]
[EventDate "2016.08.13"]

1. Nf3 Nf6 2. c4 c5 3. g3 g6 4. Bg2 Bg7 5. O-O O-O 6. Nc3 Nc6 7. d3 d6 8. Bg5
Rb8 9. Qd2 a6 10. Bh6 b5 11. Bxg7 Kxg7 12. Ng5 Nd4 13. e3 Ne6 14. Nge4 b4 15.
Ne2 Nxe4 16. Bxe4 Bb7 17. Bxb7 Rxb7 18. e4 Nd4 19. Nxd4 cxd4 20. f4 e5 21. f5
f6 22. h4 Kh8 23. Kg2 Rg8 24. Rf2 gxf5 25. Rxf5 Rbg7 26. Qf2 Rxg3+ 27. Qxg3
1/2-1/2

[Event "Olomouc Chess Summer 2016-Open Olomouc"]
[Site "Olomouc"]
[Date "2016.08.20"]
[Round "9.4"]
[White "Ulanowski, Karol"]
[Black "Bombek, Peter"]
[Result "0-1"]
[WhiteElo "2133"]
[BlackElo "2212"]
[PlyCount "92"]
[EventDate "2016.08.13"]

1. e4 e6 2. d4 d5 3. Nc3 Nf6 4. e5 Nfd7 5. f4 c5 6. Nf3 Nc6 7. Be3 a6 8. Qd2 b5
9. dxc5 Bxc5 10. Bxc5 Nxc5 11. Qf2 Qb6 12. Bd3 b4 13. Ne2 a5 14. O-O Ba6 15.
Kh1 Ne7 16. Rad1 Na4 17. Qxb6 Nxb6 18. Nfd4 Nc4 19. Bxc4 Bxc4 20. Rfe1 g6 21.
Ng1 a4 22. b3 Ba6 23. Ngf3 a3 24. c3 bxc3 25. Re3 O-O 26. Rxc3 Rfc8 27. Rdc1
Bd3 28. Kg1 Rxc3 29. Rxc3 Bb1 30. Nd2 Nf5 31. Nxb1 Nxd4 32. Kf2 Rb8 33. Ke3
Nxb3 34. Kf2 Nc5 35. Nd2 Rb2 36. Ke3 d4+ 37. Kxd4 Rxd2+ 38. Kxc5 Rxa2 39. g3
Rxh2 40. Rxa3 Rd2 41. Kc6 Rd5 42. g4 g5 43. f5 Kg7 44. Re3 h5 45. Rh3 hxg4 46.
Rh5 Rxe5 0-1

[Event "Olomouc Chess Summer 2016-Open Olomouc"]
[Site "Olomouc"]
[Date "2016.08.20"]
[Round "9.5"]
[White "Burnett, Andrew"]
[Black "Ilandzis, Spyridon"]
[Result "1-0"]
[WhiteElo "2174"]
[BlackElo "2211"]
[PlyCount "97"]
[EventDate "2016.08.13"]

1. d4 Nf6 2. Nf3 e6 3. c4 b6 4. a3 Bb7 5. Nc3 d5 6. cxd5 exd5 7. g3 g6 8. h4 h6
9. Bf4 c6 10. Qc2 Bg7 11. Bh3 Bc8 12. Bxc8 Qxc8 13. Nb5 O-O 14. Nc7 Nbd7 15.
Nxa8 Qxa8 16. Ne5 c5 17. e3 cxd4 18. exd4 Rc8 19. Qd3 Nf8 20. O-O Ne6 21. Be3
Ne4 22. Rac1 Rf8 23. Rc2 g5 24. hxg5 hxg5 25. Rfc1 Nd6 26. f3 Qe8 27. Rh2 f5
28. Kg2 b5 29. b3 Qa8 30. Ng6 Rf7 31. Rch1 Qb7 32. Qd1 f4 33. g4 fxe3 34. Rh8+
Bxh8 35. Rxh8+ Kg7 36. Qh1 Rc7 37. Qh6+ Kf7 38. Ne5+ Ke7 39. Ng6+ Kf7 40. Ne5+
Ke7 41. Qh7+ Nf7 42. Qxf7+ Kd6 43. Rd8+ Nxd8 44. Qf8+ Ke6 45. Qe8+ Kd6 46.
Qxd8+ Ke6 47. Qe8+ Kd6 48. Qg6+ Ke7 49. Qf7+ 1-0

[Event "Olomouc Chess Summer 2016-Open Olomouc"]
[Site "Olomouc"]
[Date "2016.08.20"]
[Round "9.6"]
[White "Al Argha, Hisham"]
[Black "Kvisvik, Brede"]
[Result "0-1"]
[WhiteElo "2309"]
[BlackElo "2330"]
[PlyCount "124"]
[EventDate "2016.08.13"]

1. e4 c5 2. c3 d5 3. exd5 Qxd5 4. d4 Nc6 5. Nf3 Bf5 6. c4 Qd7 7. d5 Nb4 8. Na3
f6 9. Be2 g5 10. Be3 e5 11. dxe6 Qxd1+ 12. Rxd1 a6 13. O-O Bxe6 14. Bxg5 fxg5
15. Nxg5 Bf5 16. Bh5+ Bg6 17. Rfe1+ Be7 18. Bf3 Rd8 19. Rxd8+ Kxd8 20. Ne6+ Kc8
21. Bg4 Kb8 22. f4 Bf6 23. f5 Bf7 24. Re2 h5 25. Bh3 Nh6 26. Nc2 Nxa2 27. Ne3
Nb4 28. Nxc5 Rd8 29. Ne6 Rd3 30. Kf2 b6 31. Kf3 Be8 32. g4 Bc6+ 33. Kg3 hxg4
34. Bxg4 Be5+ 35. Kh4 Bf6+ 36. Kh5 Ng8 37. Nf8 Be8+ 38. Ng6 Rd7 39. Bf3 Bf7 40.
Nd5 Nxd5 41. Bxd5 Bxd5 42. Re8+ Rd8 43. Rxd8+ Bxd8 44. cxd5 Nf6+ 45. Kh6 Nxd5
46. Ne5 Kc7 47. Ng4 Kd6 48. Kg7 a5 49. f6 Nf4 50. h4 b5 51. Kg8 a4 52. f7 Be7
53. Ne3 Ke6 54. Nc2 Kd5 55. f8=Q Bxf8 56. Kxf8 Ng6+ 57. Ke8 Nxh4 58. Kd7 Nf3
59. Kc7 Kc5 60. Kb7 Ne5 61. Ne1 b4 62. Ka6 b3 0-1

[Event "Olomouc Chess Summer 2016-Open Olomouc"]
[Site "Olomouc"]
[Date "2016.08.20"]
[Round "9.7"]
[White "Jedynak, Radoslaw"]
[Black "Svancara, Petr"]
[Result "0-1"]
[WhiteElo "2396"]
[BlackElo "2047"]
[PlyCount "100"]
[EventDate "2016.08.13"]

1. d4 f5 2. g3 Nf6 3. Bg2 g6 4. Nf3 Bg7 5. O-O O-O 6. c4 d6 7. d5 c5 8. Bd2 Na6
9. e3 Nc7 10. Qe2 Bd7 11. a4 b6 12. Bc3 a6 13. Nbd2 b5 14. b4 cxb4 15. Bxb4 a5
16. Bc3 b4 17. Bd4 Na6 18. Qd1 Rc8 19. Qb3 Kh8 20. Rfe1 e5 21. dxe6 Bxe6 22.
Rac1 Nc5 23. Bxc5 dxc5 24. Rc2 Qc7 25. h3 Rfe8 26. Bf1 Bd7 27. Bg2 Bc6 28. Kh2
Rcd8 29. Ra2 Ne4 30. Nb1 Re7 31. Nfd2 Nxf2 32. Re2 Ne4 33. Nxe4 Bxe4 34. Bxe4
Rxe4 35. Nd2 Re7 36. Nf1 Red7 37. Rad2 Bc3 38. Rxd7 Rxd7 39. Kg1 Qe5 40. Qc2
Qe6 41. Qb3 Qe4 42. Rf2 Qd3 43. Kg2 Be1 44. Qxd3 Rxd3 45. Re2 Bc3 46. e4 fxe4
47. Rxe4 b3 48. Re8+ Kg7 49. Rb8 b2 50. Kf2 Rd1 0-1

[Event "Olomouc Chess Summer 2016-Open Olomouc"]
[Site "Olomouc"]
[Date "2016.08.20"]
[Round "9.8"]
[White "Valenta, Vit"]
[Black "Bukojemski, Adam"]
[Result "0-1"]
[WhiteElo "2040"]
[BlackElo "2235"]
[PlyCount "94"]
[EventDate "2016.08.13"]

1. e4 c5 2. Nc3 g6 3. g3 Bg7 4. Bg2 Nc6 5. f4 e6 6. Nge2 d6 7. O-O Nge7 8. d3
Rb8 9. a4 a6 10. Be3 Nd4 11. Bf2 Nec6 12. Nxd4 Nxd4 13. Qd2 O-O 14. Nd1 f5 15.
Ne3 b6 16. Ra3 Bb7 17. c3 Nc6 18. Nc2 b5 19. axb5 axb5 20. exf5 gxf5 21. Re1 e5
22. b4 exf4 23. Qxf4 Ne5 24. Bxb7 Rxb7 25. Rd1 Qe8 26. Ne1 Qh5 27. Raa1 Ng4 28.
Nf3 Be5 29. Qg5+ Qxg5 30. Nxg5 Bxc3 31. Ra6 Bxb4 32. Rxd6 c4 33. Rc6 Rd7 34.
Ne6 Ra8 35. Bd4 cxd3 36. Rxd3 Ne5 37. Bxe5 Rxd3 38. Rc7 Bf8 39. Nf4 Rd1+ 40.
Kg2 Ra2+ 41. Kh3 Rdd2 42. Kh4 Rxh2+ 43. Kg5 Bh6+ 44. Kf6 Ra6+ 45. Ne6 Bf8 46.
Bf4 Re2 47. Be5 Rxe5 0-1

[Event "Olomouc Chess Summer 2016-Open Olomouc"]
[Site "Olomouc"]
[Date "2016.08.20"]
[Round "9.9"]
[White "Gantsooj, Ganzorig"]
[Black "Rudiano, Nicolas"]
[Result "1-0"]
[WhiteElo "2164"]
[BlackElo "2021"]
[PlyCount "95"]
[EventDate "2016.08.13"]

1. e4 e5 2. Nf3 Nc6 3. Bb5 a6 4. Ba4 Nf6 5. O-O b5 6. Bb3 Be7 7. Re1 O-O 8. h3
d6 9. c3 Na5 10. Bc2 c5 11. d4 Qc7 12. d5 h6 13. Nbd2 Nh7 14. a4 Bd7 15. Nf1
Ng5 16. Nxg5 Bxg5 17. Bxg5 hxg5 18. Qh5 f6 19. Ne3 Be8 20. Qe2 c4 21. Ra3 Rb8
22. axb5 axb5 23. Rea1 Nb7 24. Ra7 Bd7 25. Qd2 Qc8 26. b4 cxb3 27. Bxb3 Nc5 28.
Bc2 Rb7 29. R7a3 Qc7 30. Bd3 Rfb8 31. Nc2 Qb6 32. Nb4 Na4 33. Be2 Ra8 34. Bg4
Be8 35. Nc6 Qc5 36. Bd1 Rc7 37. Bb3 Rac8 38. c4 Bxc6 39. dxc6 Nb6 40. cxb5+ Kf8
41. Ra5 d5 42. Rc1 Qd6 43. exd5 Rb8 44. Qd3 Nc8 45. Qh7 Ne7 46. Qh8+ Ng8 47. b6
Rcc8 48. Ra7 1-0

[Event "Olomouc Chess Summer 2016-Open Olomouc"]
[Site "Olomouc"]
[Date "2016.08.20"]
[Round "9.10"]
[White "Kula, Dominik"]
[Black "Haugsrud, Hakon"]
[Result "1-0"]
[WhiteElo "2132"]
[BlackElo "1969"]
[PlyCount "67"]
[EventDate "2016.08.13"]

1. d4 d5 2. Nc3 Nf6 3. Bf4 c6 4. Qd2 Bf5 5. f3 e6 6. g4 Bg6 7. h4 h5 8. g5 Ng8
9. e3 Bd6 10. Nh3 Ne7 11. O-O-O O-O 12. Bxd6 Qxd6 13. Nf4 b5 14. Nce2 Nd7 15.
Ng3 a5 16. Ngxh5 Nb6 17. Nxg6 fxg6 18. Nf4 Nc4 19. Bxc4 bxc4 20. h5 gxh5 21.
Rxh5 Rf5 22. Qh2 Kf7 23. g6+ Nxg6 24. Rxf5+ exf5 25. Qh5 Rh8 26. Qxf5+ Qf6 27.
Qd7+ Ne7 28. Rg1 g5 29. Nh3 Rg8 30. Qg4 Nf5 31. Nxg5+ Ke7 32. Qf4 Kd7 33. e4
Qxd4 34. Qxf5+ 1-0

[Event "Olomouc Chess Summer 2016-Open seniorù"]
[Site "Olomouc"]
[Date "2016.08.20"]
[Round "9.1"]
[White "Chrenko, Peter"]
[Black "Waisberg, Arnold"]
[Result "0-1"]
[WhiteElo "1818"]
[BlackElo "1879"]
[PlyCount "47"]
[EventDate "2016.08.13"]

1. Nf3 f5 2. d3 Nf6 3. e4 fxe4 4. dxe4 e5 5. Nc3 Bb4 6. Bd3 d6 7. Bd2 Nc6 8. a3
Ba5 9. O-O Bg4 10. h3 Bh5 11. b4 Bb6 12. Bg5 Bd4 13. Bd2 Qd7 14. Rb1 O-O 15.
Nb5 a6 16. Nc3 Bxc3 17. Bxc3 Bxf3 18. Qxf3 Nd4 19. Qg3 Nxe4 20. Bc4+ Kh8 21.
Qg4 Qe7 22. Kh2 Rf6 23. Qh4 Raf8 24. f3 0-1

[Event "Olomouc Chess Summer 2016-Open seniorù"]
[Site "Olomouc"]
[Date "2016.08.20"]
[Round "9.2"]
[White "Prachar, Josef"]
[Black "Vorobyov, Yrij"]
[Result "1/2-1/2"]
[WhiteElo "1954"]
[BlackElo "2160"]
[PlyCount "22"]
[EventDate "2016.08.13"]

1. d4 d5 2. c4 e6 3. Nc3 Nf6 4. cxd5 exd5 5. Bg5 Be7 6. e3 c6 7. Bd3 Nbd7 8.
Qc2 O-O 9. Nge2 Re8 10. O-O Nf8 11. Rae1 Nh5 1/2-1/2

[Event "Olomouc Chess Summer 2016-Open seniorù"]
[Site "Olomouc"]
[Date "2016.08.20"]
[Round "9.3"]
[White "Heppell, Ian N"]
[Black "Novak, Borivoj"]
[Result "1-0"]
[WhiteElo "2066"]
[BlackElo "1750"]
[PlyCount "23"]
[EventDate "2016.08.13"]

1. e4 c5 2. Nf3 d6 3. c3 Nc6 4. d4 cxd4 5. cxd4 Nf6 6. Nc3 e6 7. Bd3 Be7 8. O-O
O-O 9. Qe2 a6 10. Rd1 b5 11. e5 Nd7 12. Qe4 1-0

[Event "Olomouc Chess Summer 2016-Open seniorù"]
[Site "Olomouc"]
[Date "2016.08.20"]
[Round "9.4"]
[White "Oral, Josef"]
[Black "Pokora, Lubomir"]
[Result "0-1"]
[WhiteElo "1850"]
[BlackElo "1873"]
[PlyCount "94"]
[EventDate "2016.08.13"]

1. e4 e5 2. Nf3 Nf6 3. Nc3 Nc6 4. Bc4 Nxe4 5. Bxf7+ Kxf7 6. Nxe4 d5 7. Neg5+
Kg8 8. d3 h6 9. Nh3 Be7 10. c3 Be6 11. Qe2 Bf6 12. Bd2 Qd7 13. Nhg1 a5 14. h3
Kf7 15. Nh2 Ne7 16. Ng4 Bxg4 17. hxg4 c5 18. f3 a4 19. Nh3 g5 20. Nf2 Qb5 21.
Nd1 Qc6 22. Rb1 b5 23. Rh5 c4 24. Nf2 Ng6 25. g3 Rae8 26. Kf1 cxd3 27. Nxd3 e4
28. Nb4 exf3 29. Qxf3 Qc4+ 30. Kf2 Ne5 31. Qxd5+ Qxd5 32. Nxd5 Nxg4+ 33. Kf1
Be5 34. Kg2 Rd8 35. Kf3 Rxd5 36. Bxg5 hxg5 37. Rxh8 Bxh8 38. Kxg4 Kg6 39. Re1
Rd2 40. Re6+ Bf6 41. b4 Rxa2 42. Rb6 Rc2 43. Rxb5 Rxc3 44. Rb6 a3 45. Kh3 a2
46. Ra6 Rc2 47. b5 a1=Q 0-1

[Event "Olomouc Chess Summer 2016-Open seniorù"]
[Site "Olomouc"]
[Date "2016.08.20"]
[Round "9.5"]
[White "Castellano, Alfonso"]
[Black "Lemsom, Nico"]
[Result "1/2-1/2"]
[WhiteElo "1949"]
[BlackElo "1837"]
[PlyCount "94"]
[EventDate "2016.08.13"]

1. c4 e6 2. g3 Nf6 3. Nf3 d5 4. Bg2 c6 5. O-O Be7 6. b3 O-O 7. Bb2 Nbd7 8. d3
b6 9. cxd5 cxd5 10. Na3 Bb7 11. Qd2 Rc8 12. Rac1 a6 13. Nc2 Bd6 14. Ne3 Qe7 15.
Rxc8 Rxc8 16. Rc1 Rxc1+ 17. Qxc1 h6 18. Ne1 a5 19. d4 Ne4 20. f3 Nxg3 21. hxg3
Bxg3 22. Nf1 Bd6 23. Nd3 Nf6 24. Ne5 Nh5 25. Bc3 Qh4 26. Qe1 Qg5 27. e3 Ba6 28.
f4 Qf5 29. Qf2 Qb1 30. Qb2 Qd1 31. Qa1 Qe2 32. Qb2 Qd1 33. Qd2 Qb1 34. Kf2 Nf6
35. Ng3 h5 36. Qb2 Qh7 37. Kg1 h4 38. Nf1 h3 39. Bf3 Bxf1 40. Kxf1 Ne4 41. Be1
Bb4 42. Bxb4 axb4 43. Ng4 Nc3 44. Nf2 Qh4 45. Nh1 g5 46. Qf2 Qh7 47. Kg1 g4
1/2-1/2